|
|
|
|
| LEADER |
00716nab a2200181 i 4500 |
| 001 |
acta18076 |
| 005 |
20210611110340.0 |
| 008 |
161015s1978 hu o 0|| hun d |
| 022 |
|
|
|a 0209-4304
|
| 040 |
|
|
|a SZTE Egyetemi Kiadványok Repozitórium
|b hun
|
| 041 |
|
|
|a hun
|
| 100 |
1 |
|
|a Zsiga Attila László
|
| 245 |
1 |
2 |
|a A Hortobágy vízföldrajzának és kialakulásának vizsgálata térképészeti módszerekkel
|h [elektronikus dokumentum] /
|c Zsiga Attila László
|
| 260 |
|
|
|c 1978
|
| 300 |
|
|
|a 51-62
|
| 490 |
0 |
|
|a A Juhász Gyula Tanárképző Főiskola tudományos közleményei
|
| 695 |
|
|
|a Természettudomány, Földrajz
|
| 856 |
4 |
0 |
|u http://acta.bibl.u-szeged.hu/18076/1/tanarkepzo_1978_2_051-062.pdf
|z Dokumentum-elérés
|